| 000 | 01625nam0a22002771 4500 | ||
|---|---|---|---|
| 001 | rc\4966030 | ||
| 005 | 20260405053625.0 | ||
| 021 |
_aRU _b[63-59478] |
||
| 035 | _a(NLR Aleph) 008864560 | ||
| 090 |
_a8482674 _c8482675 |
||
| 100 | _a20130426d1963 u y0rusy50 ca | ||
| 101 | 0 | _arus | |
| 102 | _aRU | ||
| 105 | _ay z |||a| | ||
| 200 | 1 |
_aДрузья и знакомые _eРассказы |
|
| 210 |
_aМинск _cГосиздат БССР _d1963 |
||
| 215 |
_a128 с. _d16 |
||
| 327 | 1 | _aСодерж.: В пути; В кругу близких; В сквере; Дедушка; Сундук; Две встречи; Все то же...; После работы; Свекровь Антонины Прокофьевны; Невольно подслушанный разговор; Дубровицкие; Марьяна; Вечером; Ошибка; В новой среде; Капризная жена; Рыжий | |
| 464 | 0 |
_12001#$aВ пути$aВ кругу близких$aВ сквере$aДедушка$aСундук$aДве встречи$aВсе то же...$aПосле работы$aСвекровь Антонины Прокофьевны$aНевольно подслушанный разговор$aДубровицкие$aМарьяна$aВечером$aОшибка$aВ новой среде$aКапризная жена$aРыжий _tРыжий |
|
| 700 | 1 |
_8rus _7ca _aРелес _bГ. Л. _f1913-2004 _gГригорий Львович _3RU\NLR\AUTH\7717442 _9529 |
|
| 801 | 0 |
_aRU _bNLR _gpsbo |
|
| 801 | 1 |
_aRU _bELAR _2rusmarc |
|
| 852 |
_aNLR _j63-2/2523 |
||
| 942 | _cBOOK | ||
| 980 | _aNB | ||